Statistiques concernant Naruto - Kazekage

Cliquez ici pour prendre le quiz!

Statistiques générales

  • Ce quiz a été pris 51 fois
  • Le résultat moyen est 3 sur 5

Statistiques - réponses

Rang du KazekageNom du Kazekage% Correct
CinquièmeGaara
95%
QuatrièmeRasa
85%
PremierReto
41%
DeuxièmeShamon
39%
Troisième-n
27%

Distribution des résultats

Percentile par nombre de réponses

% des personnes avec chaque résultat

Votre développement - résultats

Vous n’avez pas pris ce quiz